| 000 | 00394 a2200121 4500 | ||
|---|---|---|---|
| 020 | _a0849326907 | ||
| 082 | _a519.502462 AYY | ||
| 100 | _aAyyub, Bilal M. | ||
| 245 |
_aProbability, statistics, & reliability for engineers _cBilal M. Ayyub, Richard H. McCuen. |
||
| 260 |
_aBoca Raton : _bCRC Press, _cc1997. |
||
| 300 |
_a514 p. : _bill. ; _c24 cm. |
||
| 650 | _aEngineering mathematics. | ||
| 650 | _aReliability (Engineering) | ||
| 999 |
_c550 _d550 |
||